[Event "Beacon Seniors op"]
[Site "Exmouth"]
[Date "2008.11.19"]
[Round "3"]
[White "Thorpe Tracey, Stephen"]
[Black "Gardiner, Colin J"]
[Result "0-1"]
[WhiteElo "1136"]
[BlackElo "1480"]
[PlyCount "106"]
[EventDate "2008.11.17"]
[EventType "swiss"]
[EventRounds "5"]
[EventCountry "ENG"]
[SourceTitle "EXT 2011"]
[Source "ChessBase"]
[SourceDate "2010.11.26"]
[SourceVersion "1"]
[SourceVersionDate "2010.11.26"]
[SourceQuality "1"]

1. e4 c5 2. Nf3 Nc6 3. d4 cxd4 4. Nxd4 Nf6 5. Nc3 e5 6. Ndb5 d6 7. Bg5 a6 8. Na3 b5 9. Bxf6 gxf6 10. Ne2 Be6 11. c3 f5 12. exf5 Bxf5 13. Ng3 Be6 14. Be2 d5 15. Nc2 Bc5 16. 0-0 Qg5 17. Qc1 h6 18. Ne3 Bxe3 19. Qxe3 Qxe3 20. fxe3 Ke7 21. Bf3 e4 22. Bh5 Ne5 23. Nf5+ Bxf5 24. Rxf5 f6 25. Raf1 Raf8 26. b3 Rc8 27. Rc1 Rc7 28. Be2 Rhc8 29. c4 dxc4 30. bxc4 bxc4 31. Rh5 Rh8 32. g4 Rc6 33. h4 Nxg4 34. Rxc4 Rxc4 35. Bxc4 Nxe3 36. Bb3 f5 37. Kf2 Ng4+ 38. Ke2 Kf6 39. a3 Kg6 40. Bf7+ Kxf7 41. Rxf5+ Nf6 42. Ra5 Ra8 43. Ke3 Ke6 44. a4 Ra7 45. Kf4 Ra8 46. Re5+ Kf7 47. Kf5 Rd8 48. Kf4 e3 49. Kf3 Rd4 50. Ra5 Re4 51. Rc5 e2 52. Rc7+ Kg6 53. h5+ Kxh5 0-1